=LDR 00000nam 2200000 4500 =001 000879 =005 20250712113102 =035 ##$$a 0010-0725000757 =007 ta =008 250712################a##########0#ind## =020 ##$$a 978-623-472-447-9 =082 ##$$a 398.209 598 =084 ##$$a 398.209 598 IGY k =100 #$$a Igyeoong, An =245 1#$$a Kelinci dan kura-kura /$c An Igyeoung =250 ##$$a Cetakan pertama =260 ##$$a Jakarta :$b Badan pengembangan dan pembinaan bahasa,$c 2022 =300 ##$$a 18 hlm. : $b Ilus. ; $c 22,9 cm =650 #4$$a Cerita anak Indonesia terjemahan =650 #4$$a Literasi bahan bacaan